00629nam a2200193Ia 4500003000900000008004100009020001800050040001600068080001500084100002200099245011300121260003900234300001500273490006400288650002000352650002100372650001800393700002400411IN-BaIIA211028s9999 xx 000 0 eng d a981-256-357-1 cIIA Library a523.9bBHA aBhatnagar, Arvind 0aFundamentals of solar astronomycArvind Bhatnagar and William Livingston  aNew JerseybWorld Scientificc2005 axix, 445p. aWorld Scientific series in astronomy and astrophysics; v. 6 aSolar astronomy aSolar atmosphere aSolar eclipse aLivingston, William